Sarada Devi : (Record no. 210658)
[ view plain ]
| 000 -LEADER | |
|---|---|
| fixed length control field | 00625nam a22002057a 4500 |
| 005 - DATE AND TIME OF LATEST TRANSACTION | |
| control field | 20260622123720.0 |
| 010 ## - LCCN (DPL NO) | |
| LC control number | ENG-144454 ENG-148890 |
| 020 ## - INTERNATIONAL STANDARD BOOK NUMBER | |
| International Standard Book Number | 9789391125707 |
| Terms of availability | 299.00 |
| 035 ## - SYSTEM CONTROL NUMBER | |
| System control number | EN-127986 |
| 035 ## - SYSTEM CONTROL NUMBER | |
| System control number | EN-132422 |
| 037 ## - SOURCE OF ACQUISITION | |
| Source of stock number/acquisition | DBAD |
| 082 ## - DEWEY DECIMAL CLASSIFICATION NUMBER | |
| Classification number | 294.555 |
| Edition number | 1 |
| 100 ## - MAIN ENTRY--PERSONAL NAME | |
| Personal name | Sen, Amiya P |
| 245 ## - TITLE STATEMENT | |
| Title | Sarada Devi : |
| Remainder of title | Holiness, Charisma And Iconic Motherhood/ |
| Statement of responsibility, etc | Amiya P Sen |
| 250 ## - EDITION STATEMENT | |
| Edition statement | 1 |
| 260 ## - PUBLICATION, DISTRIBUTION, ETC. (IMPRINT) | |
| Place of publication, distribution, etc | New Delhi |
| Name of publisher, distributor, etc | Niyogi Books |
| Date of publication, distribution, etc | 2022 |
| 270 ## - ADDRESS | |
| Address | Block D, Building No. 77, Okhla Industrial Area, Phase-I |
| City | New Delhi |
| Postal code | 110020 |
| 300 ## - PHYSICAL DESCRIPTION | |
| Extent | 219p. |
| Dimensions | 19cm(pb) |
| 942 ## - ADDED ENTRY ELEMENTS (KOHA) | |
| Source of classification or shelving scheme | Dewey Decimal Classification |
| Item type | English Books |
| Classification part | 294.555 |
| Call number suffix | SEN |
| Withdrawn status | Lost status | Not for loan | Collection code | Home library | Current library | Date acquired | Source of acquisition | Cost, normal purchase price | Full call number | Barcode | Copy number | Cost, replacement price | Koha item type |
|---|---|---|---|---|---|---|---|---|---|---|---|---|---|
| Not For Loan | Non-fiction | D.B.Act.Division | D.B.Act.Division | 22/06/2026 | Delivery of Books Act Division | 299.00 | 294.555 SEN | EN-132422 | 1 | 299.00 | English Books | ||
| Non-fiction | Sarojini Nagar | Sarojini Nagar | 02/04/2025 | Delivery of Books Act Division | 299.00 | 294.555 SEN | EN-127986 | 1 | 299.00 | English Books |
